| 000 | 00521cam a22001571 4500 | ||
|---|---|---|---|
| 082 |
_a951.042 _bSTR _cL-28, P-87 |
||
| 100 | 1 |
_aStrong, Anna Louise, _946333 |
|
| 245 | 1 | 0 |
_aChina's millions revolution in central China, 1927 _bselected works on China's revolution. |
| 250 | _a[1st ed.] | ||
| 260 |
_aPeking, _bNew World Press, _c1965- |
||
| 300 |
_av. _c21 cm. |
||
| 505 | 0 | _a1. China's millions; revolution in central China, 1927. | |
| 526 |
_a0 _b0 _c0 _d951_042000000000000_STR |
||
| 650 |
_aMCE _9379 |
||
| 942 |
_2ddc _cBK |
||
| 999 |
_c549688 _d549688 |
||